| 000 | 00509nam a22001817a 4500 | ||
|---|---|---|---|
| 003 | MPLRDC | ||
| 005 | 20220104124408.0 | ||
| 008 | 210129b ||||| |||| 00| 0 eng d | ||
| 082 | _a539.52 HSM | ||
| 100 | _a郝苏民编 | ||
| 245 |
_a东乡族保安族裕固族民间故事选 _c |
||
| 250 | _a一版一刷 | ||
| 260 |
_a _b上海文艺出版社 _c1987 |
||
| 300 | _b平 | ||
| 490 | _a中国少数民族民间文学丛书. 故事大系 | ||
| 650 | _a中国民族民间故事 | ||
| 942 |
_cBK _o539.52 HSM |
||
| 999 |
_c18986 _d18976 |
||